K otázke zákrskových a tvarovaných stromov

Bibliographic Details
Main Author: Psota, Karol (Author)
Format: Article
Language:Slovak

MARC

LEADER 00000nab a2200000 a 4500
001 vtls011119975
003 SK-MaSNL
005 20260303145449.0
008 230222|1951 xo |||||||||||||||||slo|
015 |a SNBRB 
035 |a (uuid)3f4cfaa7-3311-445b-ae4b-9a3731f37888 
035 |a (urnnbn)urn:nbn:sk:snk:ar-a08ox8 
035 |a urn:nbn:sk:snk-ab9qhg 
040 |a SNKBUCL  |b slo  |c SNKBUCL  |e AACR2 
041 0 |a slo 
044 |a xo  |c SK 
100 1 |a Psota, Karol  |4 aut  |9 1131378 
245 1 0 |a K otázke zákrskových a tvarovaných stromov  |c Karol Psota 
773 0 |t Slovenský ovocinár a vinohradník : odborný časopis pre povznesenie ovocinárstva, vinohradníctva a záhradníctva.  |g Roč. 3, č. 12 (1951), s. 180-182 
954 |a odborná, vedecká literatúra pôvodná (slovenská)  |2 lita 
958 |a OND 
958 |a EUIPO 
958 |a article13 
999 |c 2003113  |d 2005043